000 00203 a2200097 4500
001 51071
100 _aGrob B
245 _aBasic Electronics
260 _aNew York
_bMcGraw-H
_c
090 _c32332
_d32332
942 _aNUST-CAE
_cM
_c24817
999 _c286144
_d286144